000 00648nam a22002295i 4500
001 168627
003 ES-MaACL
005 20230906213834.0
008 080425s2007 sp |||| | spa d
020 _a978-84-96715-14-1
080 _a972
100 1 _aLuna Guinot, Dolores.
_974769
245 1 0 _aCadenas rotas /
_cDolores Luna Guinot.
250 _a1ª ed.
260 _aMadrid :
_bImagine,
_c2007.
300 _a539 p. :
_bil. ;
_c21 cm.
490 1 _aCrónicas
651 4 _aMéxico-
_xHistoria.
_99062
830 0 _aCrónicas
_9190697
852 _aES-MaACL
_jL-29371
_9R.142905
_zDed. autógr. de la autora
999 _c168627
_d168627